ديوان الطغرائي : صاحب لامية العجم

محفوظ في:

المؤلف الرئيسي: الطغرائي، الحسين بن علي بن محمد،.

التنسيق: كتاب

اللغة: Undetermined

منشور في: Qusṭanṭīyah Maṭbaʻat al-Jawāʼib, , 1882

الوسوم: إضافة وسم

لا توجد وسوم, كن أول من يضع وسما على هذه التسجيلة!

رقم الطلب: (R)P23 TAGH

LEADER 00468nam a2200121Ia 4500
008 240404s9999||||xx |||||||||||||| ||und||
050 4 |a (R)P23 TAGH 
100 1 |a الطغرائي، الحسين بن علي بن محمد،. 
245 1 0 |a ديوان الطغرائي : صاحب لامية العجم   |c الطغرائي، الحسين بن علي بن محمد، 
264 1 |a Qusṭanṭīyah  |b Maṭbaʻat al-Jawāʼib, ,  |c 1882 
300 |a 165  |c 23 
942 |2 lcc  |c BK 
999 |c 58047  |d 58047